[Event "09:03"]
[Site "http://www.queenalice.com/game.php?id=1521865"]
[Date "2018.4.3"]
[Round "-"]
[White "Robertas"]
[Black "zubarev"]
[Result "1-0"]
[WhiteElo "1500"]
[BlackElo "1792"]

1. e4 e5 2. Nf3 Nc6 3. Bb5 d6 4. d4 Bd7 5. Nc3 Be7 6. O-O Nf6 7. Re1 O-O 8. Bxc6
Bxc6 9. dxe5 dxe5 10. Qxd8 Raxd8 11. Nxe5 Bb4 12. Nxc6 bxc6 13. Bg5 h6 14. Bxf6
gxf6 15. Rad1 Rfe8 16. Rxd8 Rxd8 17. Rd1 Rxd1+ 18. Nxd1 Kf8 19. c3 Bd6 20. Ne3
Ke7 21. Nc4 Ke6 22. g3 Bc5 23. Kg2 f5 24. e5 Kd5 25. b3 Ke4 26. f4 Kd3 27. Na5
Kxc3 28. Nxc6 Kb2 29. Nd8 Kxa2 30. b4 Bxb4 31. Nxf7 c5 32. Nd6 a5 33. Nc4 Kb3
34. e6 Kxc4 35. e7 a4 36. e8=Q a3 37. Qa4 Kc3 38. Qd1 Kb2 39. Qe2+ Kb3 40. Qe6+
Kb2 41. Qe2+ Kb3 42. Qd1+ Kc3 43. Qc1+ Kb3 44. Qb1+ Kc3 45. Qa2 c4 46. Kf2 Kd3
47. Qb1+ Kc3 48. Ke2 Bc5 49. Kd1 Bb4 50. Qc2+ Kd4 51. Kc1 1-0

[Event "Let's Play Chess!"]
[Site "http://www.queenalice.com/game.php?id=1523340"]
[Date "2018.4.13"]
[Round "-"]
[White "Robertas"]
[Black "Magogue"]
[Result "0-1"]
[WhiteElo "1500"]
[BlackElo "2549"]

1. e4 e5 2. Nf3 Nc6 3. Bb5 Nf6 4. O-O Bc5 5. c3 O-O 6. d4 exd4 7. cxd4 Be7 8.
Nc3 d6 9. Bg5 Bg4 10. Be2 Nxe4 11. Nxe4 Bxf3 12. Bxe7 Bxe2 13. Bxd8 Bxd1 14.
Bxc7 Be2 15. Rfe1 Nxd4 16. Bxd6 Rfe8 17. f3 Nc2 18. Rxe2 Nxa1 19. Rd2 Rad8 0-1

[Event "Let's Play Chess!"]
[Site "http://www.queenalice.com/game.php?id=1524564"]
[Date "2018.4.22"]
[Round "-"]
[White "Robertas"]
[Black "manuelito"]
[Result "1-0"]
[WhiteElo "1731"]
[BlackElo "1676"]

1. e4 e5 2. Nf3 d6 3. Bc4 h6 4. Nc3 Nc6 5. O-O f5 6. exf5 Bxf5 7. d3 Nf6 8. d4
exd4 9. Nxd4 Ne5 10. Re1 Kd7 11. Bb3 Bg6 12. Rxe5 dxe5 13. Ne6+ Ke7 14. Nxd8
Rxd8 15. Qf3 c6 16. Be3 e4 17. Nxe4 Bxe4 18. Qf4 g5 19. Qe5+ Kd7 20. Qxf6 Be7
21. Qd4+ Bd5 22. Bxd5 cxd5 23. Qxd5+ Kc8 24. Qe6+ Rd7 25. h3 Kc7 26. Bxa7 1-0

[Event "Let's Play Chess!"]
[Site "http://www.queenalice.com/game.php?id=1528616"]
[Date "2018.5.26"]
[Round "-"]
[White "Robertas"]
[Black "Meckerkopp"]
[Result "0-1"]
[WhiteElo "1800"]
[BlackElo "2094"]

1. e4 d5 2. exd5 Qxd5 3. Nc3 Qa5 4. d4 c6 5. Nf3 Bg4 6. h3 Bxf3 7. Qxf3 e6 8.
Bc4 Bb4 9. Bd2 Qb6 10. Qe3 Ne7 11. O-O-O Nf5 12. Qe5 Nd7 13. Qe4 Bxc3 14. Bxc3
Nd6 15. Qe2 Nxc4 16. Qxc4 O-O 17. g4 Nf6 18. g5 Ne4 19. Rdg1 Nxf2 20. Rh2 Ne4
21. h4 Nd6 22. Qe2 Nf5 23. h5 Nxd4 24. Qg4 Ne2+ 25. Rxe2 Qb5 26. Reg2 Rad8 27.
g6 h6 28. gxf7+ Rxf7 29. Bxg7 Rf1+ 0-1

[Event "Let's Play Chess!"]
[Site "http://www.queenalice.com/game.php?id=1528617"]
[Date "2018.5.26"]
[Round "-"]
[White "Meckerkopp"]
[Black "Robertas"]
[Result "1-0"]
[WhiteElo "2089"]
[BlackElo "1818"]

1. e4 c5 2. Nf3 d6 3. Nc3 Nf6 4. h3 g6 5. d4 cxd4 6. Qxd4 Bg7 7. e5 Nc6 8. Bb5
Ng8 9. Bxc6+ bxc6 10. Bf4 Nh6 11. Bxh6 Bxh6 12. exd6 O-O 13. Rd1 Bg7 14. Qb4
exd6 15. O-O d5 16. Na4 Bf5 17. c3 Rb8 18. Qc5 Bc2 19. Nd4 Bxa4 20. Nxc6 Bxc6
21. Qxc6 Rxb2 22. Rxd5 Qb6 23. Qc4 Qb7 24. a4 Rc8 25. Qd3 Bxc3 26. Rc1 Bg7 27.
Rxc8+ Bf8 28. Rdd8 1-0

[Event "Let's Play Chess!"]
[Site "http://www.queenalice.com/game.php?id=1532901"]
[Date "2018.6.28"]
[Round "-"]
[White "Robertas"]
[Black "george941"]
[Result "0-1"]
[WhiteElo "1787"]
[BlackElo "1718"]

1. e4 d5 2. exd5 Nf6 3. Bb5+ c6 4. dxc6 Nxc6 5. Bxc6+ bxc6 6. d4 g6 7. Nf3 Bg4
8. Be3 Bg7 9. Nbd2 O-O 10. O-O Rb8 11. Rb1 e6 12. h3 Bxf3 13. Nxf3 Qc7 14. Qd2
Ne4 15. Qd3 f5 16. Nd2 Nxd2 17. Qxd2 Rbd8 18. c3 e5 19. Rbd1 f4 0-1

[Event "Let's Play Chess!"]
[Site "http://www.queenalice.com/game.php?id=1532903"]
[Date "2018.6.28"]
[Round "-"]
[White "george941"]
[Black "Robertas"]
[Result "1-0"]
[WhiteElo "1738"]
[BlackElo "1734"]

1. e4 c5 2. c3 Nf6 3. Qa4 Nc6 4. d3 d6 5. d4 Nxe4 6. d5 Bd7 7. Qxe4 Ne5 8. Nf3
Ng6 9. Bd3 e5 10. dxe6 Bxe6 11. Qxb7 Be7 12. O-O O-O 13. Be4 d5 14. Bxg6 hxg6
15. Bf4 d4 16. cxd4 Bd5 17. Qc7 Bxf3 18. gxf3 cxd4 19. Qxd8 Rfxd8 20. Nd2 g5 21.
Be5 1-0

[Event "Let's Play Chess!"]
[Site "http://www.queenalice.com/game.php?id=1535126"]
[Date "2018.7.17"]
[Round "-"]
[White "Robertas"]
[Black "Daniel1962"]
[Result "1-0"]
[WhiteElo "1695"]
[BlackElo "1860"]

1. e4 Nc6 2. Nf3 e5 3. Bb5 Nge7 4. O-O a6 5. Ba4 b5 6. Bb3 Bb7 7. c3 Ng6 8. d4
exd4 9. cxd4 Bd6 10. e5 Be7 11. Nc3 Nh4 12. Nxh4 Bxh4 13. d5 Nxe5 14. Qe2 Qf6
15. f4 d6 16. fxe5 Qxe5 17. Qg4 Be7 18. Bf4 Qd4+ 19. Kh1 O-O 20. Rad1 Qb6 21.
Bh6 g6 22. Bxf8 Bxf8 23. Qf4 f5 24. Qd4 Qxd4 25. Rxd4 Bg7 26. Rdd1 b4 27. Ne2
Bxb2 28. Nd4 Bxd4 29. Rxd4 a5 30. Bc2 Kf7 31. g4 Bc8 32. gxf5 Bxf5 33. Bxf5 gxf5
34. Rxf5+ Kg6 35. Rdf4 Rc8 36. h4 c5 37. dxc6 Rxc6 38. Rxa5 Rb6 39. Rd5 h6 40.
Rfd4 b3 41. axb3 Rxb3 42. Rxd6+ Kh5 43. R6d5+ Kg6 44. h5+ Kg7 45. Rd3 Rb4 46.
Rg3+ Kf6 47. Rd6+ 1-0

[Event "Let's Play Chess!"]
[Site "http://www.queenalice.com/game.php?id=1535127"]
[Date "2018.7.17"]
[Round "-"]
[White "Daniel1962"]
[Black "Robertas"]
[Result "0-1"]
[WhiteElo "1874"]
[BlackElo "1746"]

1. d4 d5 2. Bf4 Nf6 3. e3 c5 4. dxc5 Qa5+ 5. c3 Qxc5 6. Nf3 Bf5 7. Nh4 Bg6 8.
Nxg6 hxg6 9. Qb3 b6 10. Bb5+ Nbd7 11. Bxd7+ Nxd7 12. O-O e6 13. Nd2 Be7 14. a3
O-O 15. Qd1 Rac8 16. Nb3 Qc6 17. Nd4 Qb7 18. Rc1 e5 19. Bxe5 Nxe5 20. f4 Nc4 21.
Qe2 Bf6 22. Nb5 a6 23. Nd4 Rfe8 24. Rf3 Re4 25. Kf2 Rce8 26. Nc2 Nxb2 27. Nb4
Nc4 28. Nc2 Bxc3 29. Rh3 Rxf4+ 30. Kg1 Rfe4 31. Rf1 d4 32. Qxc4 Bd2 33. Rhf3
R8e7 34. exd4 b5 35. Qd3 Ba5 36. d5 R4e5 37. d6 Rd7 38. Nb4 Bc7 39. Qb3 Bxd6 40.
Rg3 Bxb4 41. axb4 Qd5 42. Qa3 Rd6 43. Qc3 Qd4+ 44. Kh1 Qxc3 45. Rxc3 Re4 46. Rc7
Rf6 47. Rd1 Rxb4 48. Rd3 Rf1# 0-1

[Event "Let's Play Chess!"]
[Site "http://www.queenalice.com/game.php?id=1539358"]
[Date "2018.8.19"]
[Round "-"]
[White "Robertas"]
[Black "manuelito"]
[Result "1-0"]
[WhiteElo "1816"]
[BlackElo "1714"]

1. e4 e5 2. Nf3 d6 3. Bc4 h6 4. Nc3 Nc6 5. O-O Nf6 6. d4 exd4 7. Nxd4 Nxd4 8.
Qxd4 Be6 9. Bxe6 fxe6 10. Be3 e5 11. Qd2 a6 12. f4 exf4 13. Bxf4 Qd7 14. e5 Nh5
15. exd6 Nxf4 16. Qxf4 Bxd6 17. Rae1+ Kd8 18. Qc4 b5 19. Qd5 c6 20. Qf7 Qxf7 21.
Rxf7 g5 22. Rg7 Bc5+ 23. Kh1 Ra7 24. Rg6 Kc7 25. Ree6 Rf8 26. h3 Bb4 27. Rxc6+
Kb7 28. Rxh6 Raa8 29. Rb6+ Kc7 30. Nd5+ Kd7 31. Nxb4 1-0

[Event "Let's Play Chess!"]
[Site "http://www.queenalice.com/game.php?id=1539359"]
[Date "2018.8.19"]
[Round "-"]
[White "ulisses34"]
[Black "Robertas"]
[Result "0-1"]
[WhiteElo "1724"]
[BlackElo "1790"]

1. e4 c5 2. Nf3 d6 3. Nc3 Nf6 4. Bc4 e6 5. d3 Be7 6. O-O O-O 7. d4 cxd4 8. Qxd4
Nc6 9. Qe3 b6 10. Rd1 Bb7 11. e5 Ne8 12. exd6 Nxd6 13. Nb5 Nxc4 14. Rxd8 Nxe3
15. Rxf8+ Rxf8 16. Bxe3 a6 17. Nc3 Rd8 18. Bxb6 Rd7 19. Re1 Nb4 20. Ne5 Rd2 21.
Nc4 Rxc2 22. Be3 Bf6 23. Rd1 h6 24. Bc1 Nxa2 25. Rd2 Rxc1+ 26. Nd1 Rxc4 0-1

[Event "Let's Play Chess!"]
[Site "http://www.queenalice.com/game.php?id=1541854"]
[Date "2018.9.11"]
[Round "-"]
[White "Robertas"]
[Black "papilon_br"]
[Result "1-0"]
[WhiteElo "1837"]
[BlackElo "1923"]

1. e4 e5 2. Nf3 Nf6 3. Nxe5 Qe7 4. d4 d6 5. Nf3 Qxe4+ 6. Be2 Nc6 7. O-O Bf5 8.
Re1 O-O-O 9. c3 g6 10. Bc4 Qc2 11. Qxc2 Bxc2 12. Bxf7 Bg7 13. Na3 Be4 14. Ng5
Bf5 15. Be6+ Bxe6 16. Rxe6 Rde8 17. Bf4 h6 18. Rxe8+ Rxe8 19. Nf3 g5 20. Bg3 Re2
21. Rb1 Ne4 22. Kf1 Nxg3+ 23. hxg3 Re8 24. Re1 a6 25. Rxe8+ Kd7 26. Rg8 Bf6 27.
Rg6 Ke7 28. Rxh6 Nd8 29. g4 Ne6 30. Nc2 Nf4 31. Ne3 Nd3 32. Nd1 b6 33. Rh5 Nf4
34. Rh7+ Kd8 35. g3 Ng6 36. Rh5 c5 37. dxc5 bxc5 38. Nxg5 Ne5 39. Ne4 Ke7 40.
Nxf6 Kxf6 41. Ne3 Nd3 42. b3 Ne5 43. Rxe5 dxe5 44. b4 cxb4 45. cxb4 e4 46. a4
1-0

[Event "Let's Play Chess!"]
[Site "http://www.queenalice.com/game.php?id=1542391"]
[Date "2018.9.15"]
[Round "-"]
[White "Robertas"]
[Black "Meckerkopp"]
[Result "1/2-1/2"]
[WhiteElo "1907"]
[BlackElo "2127"]

1. e4 e5 2. Nf3 d6 3. Bc4 h6 4. Nc3 Nf6 5. O-O Bg4 6. Be2 c6 7. d4 Bxf3 8. Bxf3
Be7 9. Be3 O-O 10. Qd2 g5 11. h3 Nh7 12. Rad1 Nd7 13. Bg4 Ndf6 14. Be2 Kh8 15.
h4 Rg8 16. h5 Qa5 17. g4 b5 18. a3 Rad8 19. d5 cxd5 20. Nxd5 Qxd2 21. Rxd2 Nxe4
22. Nxe7 Nxd2 23. Bxd2 Rge8 24. Nf5 Re6 25. Bxb5 Rb8 26. Bc4 Rf6 27. b3 Nf8 28.
Bc3 Nd7 29. Rd1 Rb6 30. Bb4 Nc5 31. Ba5 Rb8 32. Rxd6 Ne4 33. Rxf6 Nxf6 34. Nxh6
Kg7 35. Nxf7 Nxg4 36. Nxg5 Kh6 37. Nf7+ Kxh5 38. Be2 Kg6 39. Bxg4 Kxf7 40. Bc7
Rg8 41. f3 e4 42. Kf2 exf3 43. Bxf3 Rc8 44. Be5 Rxc2+ 45. Kg3 Ke6 46. Bf4 Rc3
47. b4 Rxa3 48. Kg4 Rb3 49. Bd2 Ke5 50. Bc6 a6 51. Ba4 1/2-1/2

[Event "Let's Play Chess!"]
[Site "http://www.queenalice.com/game.php?id=1546144"]
[Date "2018.10.17"]
[Round "-"]
[White "Robertas"]
[Black "josebaron"]
[Result "1-0"]
[WhiteElo "1870"]
[BlackElo "2064"]

1. e4 e5 2. Nf3 Nc6 3. Bb5 d6 4. d4 exd4 5. Nxd4 Bd7 6. Nc3 Nxd4 7. Bxd7+ Qxd7
8. Qxd4 c5 9. Qd1 Nf6 10. Bg5 Be7 11. O-O O-O 12. e5 Ne8 13. Bxe7 Qxe7 14. exd6
Qxd6 15. Qxd6 Nxd6 16. Rad1 Rad8 17. Rfe1 f6 18. Nd5 Nf5 19. c4 Kf7 20. g4 Nd4
21. Re7+ Kg6 22. Rxb7 Rb8 23. Rxb8 Rxb8 24. b3 a5 25. h4 h5 26. Nf4+ Kh6 27.
Nxh5 Nf3+ 28. Kf1 Nxh4 29. Rd7 Rg8 30. Rc7 f5 31. Rxc5 fxg4 32. Rxa5 Rf8 33. Ng3
g5 34. c5 Rb8 35. c6 Ng6 36. Nf5+ Kh5 37. Nd6 Ne7 38. c7 Rf8 39. Kg2 Rf6 40.
c8=Q Nxc8 41. Nxc8 Rc6 42. Ne7 Re6 43. Nf5 Rf6 44. Ng3+ Kh6 45. b4 Kg6 46. b5
Kg7 47. Ra6 1-0

[Event "Let's Play Chess!"]
[Site "http://www.queenalice.com/game.php?id=1549839"]
[Date "2018.11.20"]
[Round "-"]
[White "Robertas"]
[Black "igorjava"]
[Result "1-0"]
[WhiteElo "1920"]
[BlackElo "1873"]

1. e4 c5 2. Nf3 d6 3. d4 cxd4 4. Nxd4 Nf6 5. Nc3 a6 6. Be3 Nc6 7. Qd2 Qc7 8. Bd3
e6 9. O-O-O Be7 10. f3 b5 11. Kb1 e5 12. Nde2 Nb4 13. g4 Bb7 14. a3 Nxd3 15.
Qxd3 Bc6 16. h4 Qb7 17. g5 1-0

[Event "Let's Play Chess!"]
[Site "http://www.queenalice.com/game.php?id=1551121"]
[Date "2018.11.29"]
[Round "-"]
[White "Robertas"]
[Black "josebaron"]
[Result "0-1"]
[WhiteElo "1939"]
[BlackElo "1999"]

1. e4 e5 2. Nf3 Nc6 3. Bb5 d6 4. d4 exd4 5. Nxd4 Bd7 6. Nc3 Nf6 7. O-O Be7 8.
Bg5 O-O 9. Nxc6 Bxc6 10. Bxc6 bxc6 11. Re1 h6 12. Bh4 Nh7 13. Bxe7 Qxe7 14. Qd2
a5 15. a4 Rfe8 16. f4 f6 17. Qf2 Kh8 18. Rad1 Nf8 19. Qg3 Rab8 20. Rd2 Rxb2 21.
Rde2 Qf7 22. e5 dxe5 23. fxe5 fxe5 24. Rxe5 Rxe5 25. Qxe5 Rxc2 26. Rf1 Qg8 27.
Ne4 Re2 28. Qf5 Ne6 29. Ng3 Ra2 30. Re1 Nd4 31. Qd7 Qd5 32. Qe8+ Kh7 33. Ne4
Ne2+ 34. Kh1 Rxa4 35. h3 Rxe4 0-1

[Event "Let's Play Chess!"]
[Site "http://www.queenalice.com/game.php?id=1552807"]
[Date "2018.12.14"]
[Round "-"]
[White "Robertas"]
[Black "PatricioKM"]
[Result "1-0"]
[WhiteElo "1917"]
[BlackElo "1833"]

1. e4 e5 2. Nf3 Nc6 3. Bb5 Nge7 4. O-O a6 5. Ba4 b5 6. Bb3 d6 7. c3 g6 8. d4 Bg7
9. Bg5 O-O 10. Nbd2 h6 11. Bh4 a5 12. Re1 a4 13. Bc2 Be6 14. d5 Bg4 15. dxc6 g5
16. Bg3 Nxc6 17. Qe2 Rb8 18. Qe3 d5 19. exd5 Qxd5 20. Be4 Qe6 21. Bxc6 Rb6 22.
Be4 f5 23. Bxf5 Bxf5 24. Nxe5 Bxe5 25. Qxe5 c5 26. Qxe6+ Bxe6 27. Ne4 Rc6 28.
Bd6 Rd8 29. Bxc5 Bf5 30. Bb4 Bxe4 31. Rxe4 Kf7 32. h3 Kg6 33. Rae1 Rf6 34. Be7
Rd2 35. Bxf6 Kxf6 36. Rb4 Rd5 37. Re8 Rd1+ 38. Kh2 Rd2 39. Rxb5 Rxf2 40. Rb4 a3
41. bxa3 Rxa2 42. Ra8 Ke5 43. Ra5+ 1-0

[Event "Let's Play Chess!"]
[Site "http://www.queenalice.com/game.php?id=1553799"]
[Date "2018.12.22"]
[Round "-"]
[White "Robertas"]
[Black "kingdave"]
[Result "0-1"]
[WhiteElo "1921"]
[BlackElo "2235"]

1. e4 e5 2. Nf3 Nc6 3. Bb5 a6 4. Ba4 Nf6 5. O-O Be7 6. Re1 b5 7. Bb3 O-O 8. h3
Bb7 9. d3 d5 10. exd5 Nxd5 11. Nc3 Nxc3 12. bxc3 Bf6 13. Bb2 Re8 14. c4 b4 15.
c3 e4 16. Rxe4 bxc3 17. Ba3 c2 18. Bxc2 Bxa1 19. Qxa1 Na5 20. Bb2 Bxe4 21. dxe4
f6 0-1

[Event "Let's Play Chess!"]
[Site "http://www.queenalice.com/game.php?id=1560211"]
[Date "2019.2.8"]
[Round "-"]
[White "Robertas"]
[Black "jesuskatz"]
[Result "0-1"]
[WhiteElo "1932"]
[BlackElo "2251"]

1. e4 e5 2. Nf3 Nc6 3. Bb5 a6 4. Ba4 Nf6 5. O-O Be7 6. Re1 b5 7. Bb3 O-O 8. h3
Bb7 9. c3 d5 10. exd5 Nxd5 11. Nxe5 Nxe5 12. Rxe5 Nf4 13. d4 Nxg2 14. Qg4 Nh4
15. Bf4 Nf3+ 16. Kf1 Nxe5 17. Bxe5 Bf6 18. Bxf6 Qxf6 19. Nd2 Rae8 20. Re1 Rxe1+
21. Kxe1 Re8+ 22. Kf1 Bc8 23. Qg3 Qh6 24. Nf3 Bxh3+ 25. Kg1 Re4 26. Ne5 Re1+ 0-1

[Event "Let's Play Chess!"]
[Site "http://www.queenalice.com/game.php?id=1564676"]
[Date "2019.3.19"]
[Round "-"]
[White "Robertas"]
[Black "alterego"]
[Result "1-0"]
[WhiteElo "1928"]
[BlackElo "1800"]

1. e4 c5 2. Nf3 d6 3. d4 cxd4 4. Nxd4 Nf6 5. Nc3 g6 6. Be3 Bg7 7. f3 O-O 8. Qd2
Nbd7 9. O-O-O a5 10. g4 Ne5 11. h4 Nxf3 12. Nxf3 Bxg4 13. Be2 Rb8 14. Nd4 Bd7
15. h5 a4 16. a3 Qa5 17. Kb1 b5 18. Nd5 Qxd2 19. Nxe7+ Kh8 20. Rxd2 Nxe4 21.
hxg6 Nxd2+ 22. Bxd2 Bxd4 23. Rxh7# 1-0

[Event "Let's Play Chess!"]
[Site "http://www.queenalice.com/game.php?id=1564677"]
[Date "2019.3.18"]
[Round "-"]
[White "ulisses34"]
[Black "Robertas"]
[Result "1-0"]
[WhiteElo "1756"]
[BlackElo "1940"]

1. e4 c5 2. d3 Nc6 3. c3 d6 4. Be2 Nf6 5. Nf3 g6 6. Qb3 Bg7 7. Ng5 O-O 8. Be3 h6
9. Nf3 Rb8 10. Nbd2 Be6 11. c4 b5 12. Qc2 Nb4 13. Qc3 Nxe4 14. Qb3 Nxd2 15. Bxd2
bxc4 16. dxc4 Bf5 17. O-O Nc2 18. Qa4 Nxa1 19. Rxa1 Rxb2 20. Rc1 Qb6 21. Bf1 Rb8
22. a3 Be4 23. Qd1 Bxf3 24. gxf3 Rb3 25. a4 Rb2 26. Bc3 Bxc3 27. Rxc3 Rb1 28.
Qe2 Qb2 29. Rc2 Qa1 30. Rd2 Rc1 31. Kg2 1-0